000 00618cam a22001931 4500
082 _a532
_bROU
_cL-22,P-5
100 1 _aRouse, Hunter,
_939917
245 1 0 _aFluid mechanics for hydraulic engineers,
_cby Hunter Rouse ...
250 _alst ed.
260 _aNew York,
_aLondon,
_bMcGraw-Hill Book Company, inc.,
_c1938.
300 _axvi, 422 p. incl. front., illus., diagrs.
_c24 cm.
490 0 _aEngineering societies monographs
526 _a0
_b0
_c0
_d532_000000000000000_ROU
650 0 _aFluid mechanics.
_91678
650 0 _aFluids.
_930459
650 0 _aHydraulics.
650 0 _aMCE
_9379
942 _2ddc
_cBK
999 _c544352
_d544352